000 00435nam a2200169Ia 4500
003 GCL
008 140319s9999 xx 000 0 eng d
040 _aGCL /
_cGCL
082 0 4 _a301.2
_bH S
100 1 _aHAMILTON, MALCOLM B.
245 1 0 _aTHE SOCIOLOGY OF RELIGION /
_cHAMILTON, MALCOLM B.
260 _a[S.N] :
_bMALCOM B. HAMILTON ،
_c1995
300 _a238 P
650 0 4 _aRELIGION
650 0 4 _aSOCIOLOGY
942 _2ddc
_cBK
999 _c24120
_d24120